[Event "Sapporo Autumn Chess Tornament 2019"]
[Site "?"]
[Date "2019.10.13"]
[Round "3.3"]
[White "Nishimori, Toshiyuki"]
[Black "Sato, Yasuji"]
[Result "1-0"]
[WhiteElo "1776"]
[BlackElo "1453"]
[Annotator "Fritz 11 SE (30s)"]
[PlyCount "97"]

{C78: Ruy Lopez: Archangelsk and Mler Defences} 1. e4 e5 2. Nf3 Nc6 3. Bb5 a6
4. Ba4 Bc5 5. O-O Nf6 6. d3 h6 $146 {Controls g5} (6... Qe7 7. Nc3 (7. c3 Ba7
8. Nbd2 d6 9. Re1 Ng4 10. Bxc6+ bxc6 11. d4 exd4 12. cxd4 O-O 13. Nf1 Nf6 14.
Ng3 Bg4 15. h3 Bxf3 16. Qxf3 Bxd4 17. Nf5 Qe5 18. Bf4 Qc5 19. Rac1 Qb4 20. a3
Qxb2 21. Re2 Qb6 {Cabrilo,G (2505)-Trifunovic,M (2275) Vrnjacka Banja 1988 1-0
(80)}) 7... Nd4 8. Nxd4 Bxd4 9. Ne2 Ba7 10. Ng3 g6 11. Bh6 b5 12. Bb3 d6 13. h3
Be6 14. Qf3 Nd7 15. Nf5 gxf5 16. exf5 d5 17. fxe6 fxe6 18. Be3 Rf8 19. Qh5+ Qf7
20. Qxf7+ Rxf7 21. c3 {Lasker,E-Alekhine,A New York 1924 1/2-1/2 (58)}) (6...
b5 7. Bb3 O-O 8. a4 Rb8 (8... Bb7 9. Bg5 h6 10. axb5 axb5 11. Rxa8 Bxa8 12. Bh4
Be7 13. Nc3 b4 14. Bxf6 Bxf6 15. Nd5 Na5 16. Ba2 Bxd5 17. Bxd5 c6 18. Ba2 d5
19. Qe2 Qd6 20. Re1 Ra8 21. exd5 cxd5 22. h3 Nc6 23. Bb3 {Garcia Luque,A (2360)
-Fernandez Garcia,J (2445) Cordoba 1995 0-1 (73)}) 9. axb5 axb5 10. Nc3 (10.
Be3 d6 11. h3 Bb6 12. Nc3 Nd4 13. Bxd4 Bxd4 14. Nxd4 exd4 15. Nd5 c5 16. Qf3
Nxd5 17. Bxd5 Be6 18. Ra7 Bxd5 19. exd5 Ra8 20. Rfa1 Rxa7 21. Rxa7 Qg5 22. Rd7
Qc1+ 23. Kh2 Qxc2 24. Rxd6 c4 {Di Giannantonio,N (2314)-Saldano Dayer,H (2446)
Buenos Aires 2015 0-1 (37)}) 10... h6 11. Be3 Bxe3 12. fxe3 d6 13. Qe1 b4 14.
Nd5 Nxd5 15. exd5 Ne7 16. Ra4 c5 17. dxc6 Nxc6 18. d4 e4 19. Nh4 d5 20. Nf5
Bxf5 21. Rxf5 {Demchenko,A (2610)-Fedoseev,V (2498) St Petersburg 2012 1/2-1/2
(43)}) (6... d6 7. Be3 b5 8. Bb3 $11) 7. Nc3 (7. Bxc6 dxc6 8. Nxe5 Qe7 $16)
7... O-O (7... d6 8. d4 exd4 9. Nxd4 $11) 8. h3 (8. Bxc6 $142 $5 bxc6 9. Nxe5
$16) 8... d6 $11 9. a3 {Consolidates b4} Ne7 10. Bb3 Ng6 11. Be3 Bxe3 12. fxe3
{White has new doubled pawns: e3+e4} Nh5 (12... Qe7 13. Qe2 $11) 13. Ne2 (13.
Nxe5 $142 $5 dxe5 14. Qxh5 $16) 13... Kh8 14. Qe1 f5 $2 (14... Nf6 15. Nh4 $11)
15. Ng3 (15. exf5 $142 {a pity that White didn't try this} Rxf5 16. g4 Rxf3 17.
Rxf3 $18) 15... fxe4 $11 16. Nxe4 Nf6 (16... d5 17. Ng3 Nf6 18. e4 $11) 17.
Nxf6 Rxf6 18. Qg3 Qe7 19. Nd2 Bf5 $2 (19... Kh7 $142 $14 {would allow Black to
play on}) 20. Rxf5 $1 $18 {Deflection: g6} Rxf5 21. Qxg6 Raf8 22. Rf1 (22. Ne4
$5 Qe8 23. Qe6 Qb5 $18) 22... Rxf1+ 23. Nxf1 Qh4 (23... Qf6 24. Qxf6 Rxf6 25.
g4 $18) 24. Bf7 (24. Ng3 Qf6 25. Qe4 c6 $18) 24... Qe7 (24... c6 25. Qe6 $16)
25. Bd5 $18 c6 $2 (25... Rf6 26. Qg3 c6 27. Bf3 $18) 26. Bf3 (26. Be4 $142 {
and White has reached his goal} Kg8 27. Qh7+ Kf7 28. Bg6+ Ke6 29. Ng3 $18)
26... Rf6 27. Qg4 Qf8 (27... d5 28. c4 e4 29. dxe4 dxc4 30. e5 $16) 28. Ng3 d5
29. Qh5 g5 (29... Qb8 30. e4 d4 31. h4 $18) 30. Qg4 b5 (30... Qe7 31. c4 dxc4
32. Qxc4 $18) 31. Nh5 Rf7 (31... Rd6 32. Qb4 $18) 32. Qg3 (32. Qe6 $142 $18 {
nails it down}) 32... Rf5 (32... Qe7 33. c3 $18) 33. e4 dxe4 34. dxe4 Qc5+ 35.
Qf2 (35. Kh2 $5 {keeps an even firmer grip} Rf8 $18) 35... Qxf2+ 36. Kxf2 Rf7
37. Ke3 Rd7 (37... Kh7 $142 $18) 38. Nf6 Re7 39. Ng4 (39. Bg4 $142 $5 {makes
it even easier for White} a5 $18) 39... Kg7 40. Nf2 c5 (40... Kf6 41. Nh1 $18)
41. Nd3 c4 42. Nb4 Re6 43. Bg4 Rd6 44. Nd5 Kf7 (44... Kg6 45. Kd2 h5 46. Bf5+
Kf7 47. Kc3 $18) 45. Kd2 Kg6 (45... a5 $18) 46. Ke3 (46. Kc3 $5 {might be the
shorter path} a5 $18) 46... Kf7 47. Bh5+ Kg7 48. Kf3 a5 (48... Rd8 49. Ke2 $18)
49. Ke3 1-0

[Event "Sapporo Autumn Chess Tornament 2019"]
[Site "?"]
[Date "2019.10.13"]
[Round "3.4"]
[White "Yoshii, Yukihiko"]
[Black "Nakamura, Mitsuru"]
[Result "1-0"]
[WhiteElo "1851"]
[BlackElo "1314"]
[Annotator "Fritz 11 SE (30s)"]
[PlyCount "71"]

{E97: King's Indian: Classical Main Line (6...e5 7 0-0 Nc6): 8 Be3 and 8 d5
Ne7, not 9 Ne1} 1. c4 Nf6 2. Nc3 g6 3. Nf3 Bg7 4. d4 d6 5. e4 O-O 6. Be2 e5 7.
O-O Nc6 8. Bg5 {White has an active position} (8. Re1 Bg4 9. d5 Bxf3 10. Bxf3
Nd4 11. Be3 Nxf3+ 12. Qxf3 Nd7 13. Qe2 Kh8 14. Qd2 f5 15. exf5 gxf5 16. Bh6 Rg8
17. Bxg7+ Rxg7 18. Qh6 Rg6 19. Qh3 Qf6 20. g3 Rag8 21. f3 e4 22. f4 Nc5 {
Kudriashova,I (2192)-Cherenkova,K (2256) Moscow 2008 0-1}) 8... Ne7 $4 $146 {
Black lets it slip away} (8... Nxd4 9. Nxd4 exd4 10. Qxd4 Nxe4 11. Bxd8 Bxd4
12. Bxc7 Bxc3 13. bxc3 Be6 14. Bd3 Rac8 15. Ba5 Nd2 16. Rfd1 Nxc4 17. Bxc4 Rxc4
18. Rxd6 b6 19. Bb4 a5 20. Ba3 Ra4 21. Bb2 Rxa2 22. Rxa2 Bxa2 23. Rxb6 {
Lys,J (2209)-Orzechowski,J (2235) Czechia 2006 1/2-1/2 (58)}) (8... Qe8 9. Bxf6
Bxf6 10. c5 Nb4 11. Nb5 Qe7 12. a3 Nc6 13. d5 Nd4 14. Nfxd4 exd4 15. cxd6 cxd6
16. Qd3 Bd7 17. Nxd4 Rfe8 18. Bf3 Rac8 19. Rab1 Be5 20. b3 Qh4 21. g3 Qf6 22.
Ne2 Bb5 23. Qe3 {Pelletier,Y (2483)-Schmidt,P (2412) Germany 1999 1/2-1/2 (42)}
) (8... exd4 9. Nd5 h6 10. Nxf6+ Bxf6 11. Bxh6 Re8 12. Nd2 Kh7 13. Bf4 Be5 14.
Bg3 Kg7 15. f4 Bf6 16. a3 d3 17. Bxd3 Bxb2 18. Ra2 Bd4+ 19. Kh1 Bf6 20. Nf3 Bg4
21. h3 Rh8 22. Qb1 Rb8 23. e5 {Kebis,M (2210)-Majzlan,I (2225) Bratislava 1994
0-1 (40)}) (8... exd4 $142 $5 {must definitely be considered} 9. Nxd4 Nxd4 10.
Qxd4 Nxe4 11. Bxd8 Bxd4 12. Bxc7 Bxc3 13. bxc3 Be6 $15 (13... Nxc3 $143 14. Bf3
$11)) 9. h3 (9. dxe5 dxe5 10. Nxe5 Qe8 $18) 9... Bd7 $2 (9... h6 $142 $5 {
and Black can hope to survive} 10. Be3 exd4 11. Nxd4 Nc6 $14) 10. dxe5 $18 dxe5
11. Nxe5 Bc6 (11... Nxe4 12. Nxd7 (12. Qxd7 $143 Nxg5 13. Rad1 Bxe5 $15) (12.
Nxe4 $6 Bxe5 13. Bf6 Bc6 $16) 12... Nxg5 13. Nxf8 Qxf8 14. Qb3 $18) 12. Nxc6 (
12. f4 $142 $5 Nd7 13. Nxc6 bxc6 $18) 12... Nxc6 $16 13. Qb3 {White threatens
to win material: Qb3xb7} (13. Qc1 Re8 $16) 13... Rb8 $2 (13... Nd4 $142 $5 14.
Qxb7 Qd6 15. Bxf6 Bxf6 $14) 14. Rad1 $18 Qe8 15. Rfe1 Qe5 16. Bxf6 (16. Be3
$142 $5 Nxe4 17. f4 $18) 16... Qxf6 $16 17. Rd2 (17. Qa3 Rfd8 $14) 17... Nd4
$14 {Black threatens to win material: Nd4xb3} 18. Qd1 c5 (18... c6 $5 $14 {
is an interesting idea}) 19. Nd5 $16 Qh4 20. Bf1 Rfe8 21. g3 Qg5 22. Bg2 a6 23.
b4 b6 24. h4 Qh6 25. f4 f5 $2 (25... a5 $142 $18) 26. e5 Ne6 27. a3 (27. Nf6+
Bxf6 28. exf6 Nd4 29. Rxe8+ Rxe8 30. Rxd4 cxd4 31. Qxd4 Rf8 $18) 27... Kh8 28.
Bf3 (28. Qa4 {seems even better} a5 29. bxa5 bxa5 $18) 28... Bf8 (28... a5 29.
bxc5 bxc5 30. Bg2 $18) 29. Nf6 Rec8 (29... cxb4 30. Nxe8 Bc5+ 31. Kg2 Rxe8 32.
Bc6 $18) 30. Rd7 Bg7 31. Qd6 Rd8 (31... Nd4 {the only chance to get some
counterplay} 32. Bd5 Nc2 $18) 32. Qxe6 Rxd7 (32... Rf8 {cannot change what is
in store for White} 33. Re7 a5 34. b5 $18) 33. Qxd7 Bxf6 34. exf6 Qf8 35. Qe7 (
35. Re7 Qg8 36. Bd5 h5 37. Bxg8 Rb7 38. Qxb7 cxb4 39. Re8 bxa3 40. Qg7#) 35...
Kg8 36. Bd5+ (36. Bd5+ Kh8 37. Qa7 Rd8 38. Re7 Rxd5 39. cxd5 g5 40. Re8 Kg8 41.
Qg7#) 1-0

[Event "Sapporo Autumn Chess Tornament 2019"]
[Site "?"]
[Date "2019.10.13"]
[Round "3.5"]
[White "Takeuchi, Hiroshi"]
[Black "Kojima, Natsumi"]
[Result "0-1"]
[WhiteElo "1350"]
[BlackElo "1772"]
[Annotator "Fritz 11 SE (30s)"]
[PlyCount "60"]
[EventDate "2019.10.13"]

{D05: Colle System with ...e6} 1. d4 Nf6 2. Nf3 e6 3. e3 b6 4. Bd3 Be7 5. Nbd2
O-O 6. b3 Bb7 7. Bb2 d5 8. O-O c5 9. Ne5 Nc6 $146 (9... Nbd7 10. f4 Ne4 11. c4
Nxe5 12. fxe5 Bg5 13. Qe2 Nxd2 14. Qxd2 dxc4 15. Bxc4 cxd4 16. Bxd4 Be4 17. Qe2
Qe7 18. Bd3 Bxd3 19. Qxd3 Qb7 20. Rac1 Rac8 21. h3 h6 22. a4 Qd5 23. b4 Rfd8
24. Qa6 {Khotenashvili,B (2513)-Kosteniuk,A (2527) Khanty-Mansiysk 2014 0-1 
(36)}) 10. Qe2 (10. Nxc6 Bxc6 11. Nf3 Bb7 $11) 10... Nb4 11. f4 (11. dxc5 bxc5
12. Bb5 Qc7 $11 (12... Nxc2 $2 {doesn't work because of} 13. Rac1 $18)) 11...
Nxd3 12. Qxd3 {Black has the pair of bishops} Nd7 13. f5 (13. Nxd7 Qxd7 14.
dxc5 bxc5 $11) 13... Nxe5 $15 14. dxe5 exf5 15. Qxf5 Bc8 {Black threatens to
win material: Bc8xf5} 16. Qd3 Be6 {The black bishop is safe in front of e5} 17.
Qe2 Qc7 18. Nf3 Rad8 19. Rad1 Rd7 20. h3 {Secures g4} Rfd8 21. Nh2 d4 (21...
Qc6 22. Nf3 $17) 22. exd4 $15 cxd4 23. Kh1 (23. Nf3 Bc5 24. Kh1 Bd5 $11) 23...
Bc5 (23... Rc8 24. Nf3 Qxc2 25. Rd2 $15) 24. Nf3 $15 {[%cal Rb2d4,Rd1d4,Rf3d4,
Gc5d4,Gd7d4] The pressure on the isolated pawn grows} h6 {Prevents intrusion
on g5} 25. b4 $4 (25. Rd2 $142 $11 {had to be tried to avoid defeat}) 25...
Bxb4 $19 26. Nxd4 $2 (26. Rg1 Bc4 27. Qe4 $19) 26... Bc4 27. Qg4 (27. Qe4 {
hardly improves anything} Bxf1 28. Rxf1 Qc4 $19) 27... Bxf1 28. e6 (28. Rxf1 {
does not solve anything} Qxe5 29. c3 Bd6 $19) 28... Bxg2+ $1 {it's all over}
29. Qxg2 (29. Qxg2 fxe6 {Passed pawn}) (29. Kxg2 fxe6 {Passed pawn}) 29... fxe6
30. c3 (30. Rd3 {the last chance for counterplay} Qe5 31. Nc6 Qe1+ 32. Kh2 $19)
30... Bxc3 0-1

[Event "Sapporo Autumn Chess Tornament 2019"]
[Site "?"]
[Date "2019.10.14"]
[Round "4.1"]
[White "Kojima, Shinya"]
[Black "Drakakis, Athanasios"]
[Result "1-0"]
[WhiteElo "2497"]
[BlackElo "1876"]
[Annotator "Fritz 11 SE (30s)"]
[PlyCount "53"]

{D55: Queen's Gambit Declined: 4 Bg5 Be7: Lines without ...h6 and 6...h6 7 Bxf6
} 1. Nf3 d5 2. d4 Nf6 3. c4 e6 4. Nc3 b6 5. Bg5 Be7 6. e3 O-O 7. Rc1 Bb7 8.
Bxf6 Bxf6 9. cxd5 exd5 10. Be2 (10. b4 c5 11. bxc5 bxc5 12. Bb5 Na6 13. Qa4
cxd4 14. Nxd4 Nc5 15. Qd1 Bxd4 16. exd4 Ne6 17. Qa4 a6 18. Be2 Qf6 19. Qd7 Rab8
20. O-O Rfd8 21. Qa4 Qxd4 22. Qxd4 Nxd4 23. Rfd1 Ne6 24. Bg4 Rbc8 {Skembris,S 
(2545)-Mikhalevski,A (2440) Beersheba 1993 0-1 (66)}) 10... c6 $146 {Prevents
intrusion on b5} (10... Qe7 11. O-O Rd8 12. Qc2 Nd7 13. Rfd1 g6 14. Qb1 c6 15.
b4 a5 16. a3 (16. b5 c5 17. dxc5 Nxc5 18. Nd4 Bxd4 19. Rxd4 Ne6 20. Rd3 d4 21.
exd4 Nxd4 22. Rcd1 Qf6 23. Qb2 Rd6 24. Bf1 Rad8 25. h3 Ba8 26. Rxd4 Rxd4 27.
Ne2 Rxd1 28. Qxf6 Rxf1+ 29. Kh2 Rd2 30. Qxb6 Rxe2 {Surov,S (2250)-Manukovsky,V
(2223) Borisoglebsk 2014 1/2-1/2 (40)}) 16... b5 17. Qb3 Nb6 18. Ra1 Ra7 19.
Ra2 Rda8 20. Rda1 Bc8 21. Bd3 Bg4 22. Nd2 Bg7 23. h3 Be6 24. Qc2 axb4 25. axb4
{Benko,P-Petrosian,T Los Angeles 1963 0-1 (55)}) (10... a6 11. b4 (11. Qb3 Qd6
12. O-O Nd7 13. Rfd1 Rfe8 14. Ne1 Bd8 15. Bf3 Nf6 16. Nd3 c6 17. Ne5 c5 18.
Nxf7 Kxf7 19. dxc5 Qe6 20. Nxd5 Bxd5 21. Rxd5 Kf8 22. Rd3 Qxb3 23. axb3 Rb8 24.
c6 Bc7 25. b4 Red8 {Gollain,M (2195)-Iordanov,N (2216) France 2010 0-1 (71)})
11... Nd7 12. Qb3 Be7 13. O-O Nf6 14. Rfd1 Bd6 15. Ne1 Ne4 16. Nd3 Re8 17. Nxe4
dxe4 18. Ne5 Rf8 19. Bc4 Qe8 20. Bd5 Bxd5 21. Qxd5 Rd8 22. g3 Kh8 23. Nc6 Ra8
24. Qf5 f6 25. a4 {Hansen,E (2460)-Laceste,L (2297) Victoria 2012 1-0 (44)})
11. O-O Re8 12. b4 (12. Bd3 Na6 $11) 12... a6 {Covers b5} 13. Qb3 Nd7 14. Rfd1
Re6 (14... Nf8 15. Bd3 $11) 15. Bd3 Bg5 (15... g6 16. e4 dxe4 17. Nxe4 $14) 16.
Bf5 $14 Rd6 17. Na4 Bh6 18. Ne5 {White threatens to win material: Ne5xd7} Nf8 (
18... b5 19. Nc5 (19. Nxd7 $2 {catches the eye, but} bxa4 20. Qxa4 Rxd7 $19)
19... Nxc5 20. bxc5 $14) 19. Nc5 $16 bxc5 20. bxc5 Rf6 21. Qxb7 Rxf5 $4 (21...
Rb8 $142 {would hold out} 22. Nxc6 Rxb7 23. Nxd8 Rb8 24. Nxf7 Kxf7 $16) 22.
Nxc6 $18 Qe8 (22... Rb8 {does not save the day} 23. Nxd8 Rxb7 24. Nxb7 $18) 23.
Ne7+ Kh8 24. Nxf5 Rb8 (24... Rd8 {doesn't improve anything} 25. c6 Rb8 26. Qxa6
$18) 25. Qxd5 Rb2 (25... Qe6 {doesn't change anything anymore} 26. Qxe6 fxe6
27. Nd6 $18) 26. Nxh6 (26. c6 $142 {and White wins} Rb5 27. Qf3 Bf4 28. Qxf4
Ne6 $18) 26... gxh6 27. c6 (27. c6 Rb5 28. Qc4 $18) 1-0

[Event "Sapporo Autumn Chess Tornament 2019"]
[Site "?"]
[Date "2019.10.14"]
[Round "4.2"]
[White "Yoshii, Yukihiko"]
[Black "Nishimori, Toshiyuki"]
[Result "1-0"]
[WhiteElo "1851"]
[BlackElo "1776"]
[Annotator "Fritz 11 SE (30s)"]
[PlyCount "71"]

{A57: Benko/Volga Gambit} 1. c4 Nf6 2. d4 c5 3. d5 b5 4. b3 g6 $146 (4... b4 5.
Bb2 g6 6. Qc2 Bg7 7. Nd2 d6 8. Ngf3 O-O 9. e4 e5 10. a4 Nh5 11. O-O-O f5 12.
Bd3 Nf4 13. Rhg1 fxe4 14. Nxe4 Bf5 15. Rde1 Bh6 16. Kb1 Nd7 17. Nfd2 Nxd3 18.
Qxd3 Bxd2 19. Qxd2 {Vasquez Ramirez,C (2180)-Celis Sanchez,C (2283) Ibarra
2003 1/2-1/2 (48)}) (4... e6 5. dxe6 (5. g3 Bb7 6. Bb2 exd5 7. Bg2 bxc4 8. bxc4
Qb6 9. Qb3 Be7 10. Nh3 Na6 11. O-O Rb8 12. cxd5 Bxd5 13. Bxd5 Nxd5 14. Bxg7 Rg8
15. Be5 Qxb3 16. axb3 Rb6 17. Rd1 Ndb4 18. Nf4 Rg5 19. Bc3 Bf6 {Rodrigues,E 
(2208)-Baeta,M (2228) Sindilegis 2009 1-0 (44)}) 5... fxe6 6. Nf3 Be7 7. Nc3
bxc4 8. bxc4 O-O 9. e3 Nc6 10. Be2 d5 11. cxd5 exd5 12. O-O Rb8 13. Rb1 Rxb1
14. Nxb1 Qa5 15. a3 Bf5 16. Bb2 Rd8 17. Nbd2 c4 18. Qc1 Kf8 19. Rd1 {
Istratescu,A (2667)-Shoker,S (2453) Metz 2014 1/2-1/2 (60)}) (4... Bb7 5. Qd3
e6 6. e4 Nxe4 7. Qxe4 Qf6 8. Ne2 Qxa1 9. Nec3 b4 10. Qc2 bxc3 11. Nxc3 Na6 12.
a3 Nb4 13. axb4 cxb4 14. Nb5 Qe5+ 15. Be2 a6 16. Bb2 Qb8 17. Nd4 Bc5 18. Qe4
Be7 19. g4 {Marinkovic,M (2198)-Jelic,G (2203) Belgrade 2008 0-1}) 5. Bb2 Bg7
6. Qc2 (6. Nf3 $5 $11) 6... bxc4 $17 7. bxc4 d6 8. e4 O-O {White has an active
position} 9. Nc3 Nbd7 10. Nf3 Nb6 (10... Rb8 11. Bd3 $17) 11. Bd3 {Black has a
cramped position} Ba6 {Black threatens to win material: Ba6xc4} (11... Nh5 $15)
12. Nb5 (12. Ne2 e5 13. dxe6 fxe6 $11) 12... Qd7 (12... Nxc4 $142 13. Bxc4 Bxb5
14. Bxb5 Qa5+ 15. Nd2 Qxb5 $17) 13. a4 $14 Rab8 (13... Bxb5 14. axb5 (14. cxb5
$143 Qg4 15. O-O c4 16. Bxc4 Rfc8 $15) 14... Nh5 15. Bxg7 Kxg7 16. g3 $14) 14.
O-O $16 {White has a very active position} Bc8 {Black has a cramped position}
15. a5 {White threatens to win material: a5xb6} Na8 16. Bc3 {Black has a
cramped position} a6 {Black threatens to win material: a6xb5} 17. Na3 {Black
has a cramped position} Nc7 {White has a very active position} 18. Rfb1 {
White threatens to win material: Rb1xb8} Bb7 (18... Rxb1+ 19. Rxb1 e5 20. Qd1
$14) 19. Rb2 (19. Rb6 Ba8 $18) 19... e5 $2 (19... Nce8 $142 $5 $16) 20. Rab1
$18 Na8 21. h3 (21. Rb3 Rfe8 $18) 21... Nh5 22. Qd1 Nf4 (22... Qc8 23. Bc2 $18)
23. Bc2 Rfe8 $4 {terrible, but the game is lost in any case} (23... f5 $18) 24.
Ba4 Nxh3+ (24... Qe7 {a fruitless try to alter the course of the game} 25. Bxe8
Qxe8 26. Rxb7 Rxb7 27. Rxb7 $18) 25. gxh3 Qxh3 26. Bxe8 Rxe8 27. Rxb7 Bh6 (
27... Qc8 {doesn't get the cat off the tree} 28. Nh2 Nc7 29. Qa4 $18) 28. Bd2
Qg4+ (28... Bxd2 {doesn't do any good} 29. Nxd2 Qxa3 30. Qf3 Qxf3 31. Nxf3 $18)
29. Kh1 (29. Kf1 {makes it even easier for White} Bf4 30. Bxf4 Qxf4 $18) 29...
Qh3+ (29... Bxd2 {does not help much} 30. Nxd2 Qh3+ 31. Kg1 Qxa3 $18) 30. Kg1 {
Twofold repetition} Qg4+ 31. Kf1 Qh3+ (31... Bxd2 32. Nxd2 Qh3+ 33. Ke1 Qxa3
34. Qg4 Qxa5 35. Qd7 $18) 32. Ke2 f5 (32... Bxd2 {is the last straw} 33. Qxd2
Qg4 $18) 33. Bxh6 (33. Qa4 Nc7 34. Qd7 Rf8 35. Rxc7 Qxf3+ 36. Kxf3 fxe4+ 37.
Kxe4 Rf4+ 38. Bxf4 exf4 39. Qxh7+ Kf8 40. Rb8#) 33... fxe4 34. Rg7+ Kh8 35.
Rxh7+ $1 {the punch.} Kxh7 36. Ng5+ (36. Ng5+ Kh8 37. Nxh3 Rc8 38. Qg1 Re8 39.
Qxg6 Rg8 40. Rb8 Rxb8 41. Qg7#) 1-0

[Event "Sapporo Autumn Chess Tornament 2019"]
[Site "?"]
[Date "2019.10.14"]
[Round "4.3"]
[White "Sugimoto, Koichi"]
[Black "Kobayashi, Katsuhiko"]
[Result "1-0"]
[WhiteElo "1987"]
[BlackElo "1515"]
[Annotator "Fritz 11 SE (30s)"]
[PlyCount "89"]

{C50: Hungarian Defence and Giuoco Pianissimo} 1. e4 e5 2. Nf3 Nc6 3. d4 d6 4.
Bc4 Be7 5. d5 Nb8 6. O-O {Black has a cramped position} (6. Bb5+ c6 7. dxc6
bxc6 8. Bc4 Nf6 9. Nc3 O-O 10. O-O Nbd7 11. Qe2 a5 12. Rd1 Qc7 13. Bg5 Nb6 14.
Bd3 h6 15. Bh4 Nh5 16. Bxe7 Qxe7 17. Qe3 Rb8 18. Ne2 Na4 19. b3 Nc5 20. Bc4 Kh7
{Filipowicz,A (2430)-Ciocaltea,V (2470) Halle 1974 0-1 (57)}) (6. Nc3 Nf6 7. h3
O-O 8. g4 a6 9. a4 a5 10. Be3 Nbd7 11. Qe2 b6 12. Nd2 Nc5 13. b3 Ne8 14. Nf3
Bd7 15. O-O-O Kh8 16. Rdg1 c6 17. dxc6 Bxc6 18. Bxc5 bxc5 19. h4 Nc7 20. Rd1
Qc8 {Sveshnikov,V (2434)-Vepkhvishvili,V (2256) Tallinn 2013 1-0 (66)}) 6...
Bg4 $146 (6... Nf6 7. Bd3 (7. Re1 O-O 8. Nbd2 Nbd7 9. Nf1 Nc5 10. Ng3 a5 11. a4
h6 12. b3 Nh7 13. Ba3 b6 14. Bb5 Ng5 15. Bxc5 bxc5 16. Nxg5 Bxg5 17. Qf3 Bh4
18. Nf5 Bxf5 19. Qxf5 Qf6 20. Qxf6 Bxf6 21. g3 g6 {Dykun,O (2168)-Katsman,M 
(2281) Kiev 2004 1/2-1/2}) 7... Bg4 8. h3 Bh5 9. c4 Nbd7 10. Nc3 g5 11. Bxg5
Nxd5 12. exd5 Bxg5 13. Bf5 Be7 14. Ne4 Bg6 15. Ng3 O-O 16. Nd2 Bg5 17. Nde4 Bf4
18. Bxd7 Bxg3 19. fxg3 Bxe4 20. Bf5 Bxf5 21. Rxf5 {Nikitin,A (2290)-Tarasov,M 
(2355) St Petersburg 1995 1-0 (45)}) 7. h3 Bxf3 (7... Bh5 8. Nc3 $16) 8. Qxf3 (
8. gxf3 $6 Bg5 $11) 8... Nf6 9. Nc3 Nbd7 10. a4 O-O 11. Be3 Nb6 12. Be2 Re8 $2
(12... a5 $142 $16) 13. a5 $18 Nbd7 14. b4 (14. a6 $142 {might be the shorter
path} bxa6 15. Bxa6 $18) 14... c6 $16 15. dxc6 bxc6 16. Na2 (16. Rab1 $142 $16)
16... d5 $15 17. exd5 Nxd5 18. Bd2 {White has an active position} (18. Rad1
$142 Qc7 19. Bd2 $15) 18... Bf6 (18... e4 $142 $5 19. Qg3 Bh4 $17) 19. Rad1 $14
e4 20. Qg3 (20. Qb3 $5 {should be examined more closely} Qe7 21. c4 $14) 20...
Bh4 {Black threatens to win material: Bh4xg3} 21. Qb3 Qf6 (21... Bxf2+ $142 $5
{is the best option Black has} 22. Rxf2 e3 23. Bxe3 Rxe3 $11) 22. c4 {White
threatens to win material: c4xd5} Nc7 (22... Ne7 23. Nc3 Nf5 24. Be3 $14) 23.
Be3 $16 Ne5 24. Nc3 Qg6 25. Qc2 (25. Nxe4 $142 Qxe4 26. Rd4 Bxf2+ 27. Rxf2 $16
(27. Kxf2 $143 Qg6 $14)) 25... Nf3+ $2 (25... f5 $142 $5 $11 {and Black could
well hope to play on}) 26. Bxf3 (26. Kh1 $142 $5 Ne5 27. Nxe4 Nxc4 28. Bxc4 (
28. Qxc4 $6 Rxe4 29. Qc2 Rxb4 $16) 28... Qxe4 29. Bd3 $18) 26... exf3 $16 27.
Qxg6 hxg6 (27... fxg6 28. gxf3 Be7 29. Rb1 $16) 28. gxf3 Ne6 29. b5 cxb5 30.
cxb5 Ng5 (30... f5 31. Nd5 $16) 31. Kg2 (31. Rd7 $142 a6 32. Bxg5 Bxg5 33. b6
$18) 31... Rac8 $4 {shortens the misery for Black} (31... Ne6 $142 $18) 32. Nd5
Rc2 (32... Rxe3 {does not help much} 33. Nxe3 (33. fxe3 $6 Rc2+ 34. Kh1 Nxh3
$18) 33... Ne6 34. Nd5 $18) 33. Rd4 Bxf2 (33... Rc5 {what else?} 34. Rfd1 Rxb5
35. Rxh4 Ne6 $18) 34. Rxf2 Rxf2+ 35. Bxf2 Re2 (35... Ne6 {doesn't change
anything anymore} 36. Ra4 g5 37. a6 $18) 36. Nf4 (36. b6 $142 {and White has
it in the bag} axb6 37. axb6 Ne6 $18) 36... Rb2 37. b6 $1 {an unpleasant
surprise} axb6 38. axb6 Kh7 (38... Rb3 {does not improve anything} 39. Rd3 Rb2
40. h4 $18) 39. h4 (39. Nd3 {and White can already relax} Rxb6 40. Rh4+ Kg8 41.
Bxb6 f6 $18) 39... Ne6 (39... Nxf3 {the last chance for counterplay} 40. Kxf3
Rxb6 $18) 40. Nxe6 fxe6 41. Re4 Rc2 (41... g5 $18 {there is nothing better in
the position}) 42. Rb4 Rc8 43. b7 Rb8 44. Bg3 Rxb7 (44... Re8 {is no salvation}
45. Ra4 Re7 46. b8=Q g5 47. hxg5 e5 48. Rh4+ Kg6 49. Qd6+ Kf7 50. g6+ Kg8 51.
Qxe7 e4 52. Qf7#) 45. Rxb7 (45. Rxb7 Kg8 46. Bd6 e5 47. Bxe5 Kf8 48. Rxg7 Ke8
49. Rxg6 Ke7 50. h5 Kf7 51. Rf6+ Kg7 52. h6+ Kg8 53. Rd6 Kf7 54. h7 Ke7 55.
h8=Q Kf7 56. Bg7 Ke7 57. Qf8#) 1-0